| 000 | 01030pam a2200301 a 4500 | ||
|---|---|---|---|
| 001 | 1579309 | ||
| 005 | 20131210102133.0 | ||
| 008 | 930623s1993 xxuad b i000 0 eng | ||
| 010 | _a93025694 | ||
| 020 | _a1557753326 | ||
| 020 | _a9781557753328 | ||
| 040 |
_aDLC _cDLC _dDLC |
||
| 043 | _ama----- | ||
| 050 | 0 | 0 |
_aHC498 _bE 24 1993 |
| 082 | 0 | 4 |
_a330.9174927 _222 _bECO |
| 100 | 1 |
_934361 _aEl-Naggar, Said, _d1920- |
|
| 245 | 1 | 0 |
_aEconomic development of the Arab countries : _bselected issues / _cedited by Said El-Naggar. |
| 260 |
_aWashington : _bInternational Monetary Fund, _c1993. |
||
| 300 |
_ax, 290 p. : _bcharts, tables ; _c23 cm. |
||
| 500 | _a"Papers presented at a seminar held in Bahrain, February 1-3, 1993." | ||
| 504 | _aIncludes bibliographical references. | ||
| 651 | 0 |
_aArab countries _xEconomic conditions _934360 |
|
| 653 |
_bEco _cNovember2013 |
||
| 653 |
_bEco _cDecember2013 |
||
| 655 |
_vreading book _934232 |
||
| 710 | 2 |
_aInternational Monetary Fund. _934362 |
|
| 942 |
_2ddc _cBB _k330.9174927 ECO |
||
| 999 |
_c17730 _d17702 |
||